000 00541nam a2200169Ia 4500
003 IN-BaIIA
008 211028s9999 xx 000 0 eng d
040 _cIIA Library
080 _a061-3
_bROY-2
110 _aThe Royal Society
_9744
245 4 _aThe royal society empire scientific conference june-july 1946
_breport, vol. 2
_cRoyal Society (Great Britain), Empire Scientific Conference
260 _aLondon
_c1946
300 _a707p.
650 _aAstronomy and Astrophysics Thesaurus
650 _aConference Report
_92967
942 _cBK
999 _c1461
_d1461